China y América Larina:auge y caída del consenso de Beijing y el consenso de Washington /

Salvato in:
Dettagli Bibliografici
Autore principale: tCesarin, Sergio
Natura: testo
Soggetti:
Tags: Aggiungi Tag
Nessun Tag, puoi essere il primo ad aggiungerne!!

MARC

LEADER 00000 a a2200000 04500
001 43257
003
040
100 |a tCesarin, Sergio  
245 |a China y América Larina:auge y caída del consenso de Beijing y el consenso de Washington /  |c Sergio Cesarin 
500
650 |a ECONOMIA  
650 |a POLITICA  
650 |a MERCADO FINANCIERO INTERNACIONAL  
650 |a CHINA  
773 |g páginas 69-79  
999 |c 39976  |d 39976